000 00904nam a2200253Ia 4500
003 GCL
008 140319s9999 xx 000 0 ara d
040 _aGCL /
_cGCL
082 0 4 _a348.07
_bع ا
100 1 _aعبدالحميد الشواربى
_vPurified
_@
…هذب
245 1 0 _aاحكام التقادم فى ضوء القضاء والفقة /
_cعبدالحميد الشواربى
700 1 _aاسامة عثمان
260 _a[S.N] :
_bمكتبه النهضه المصريه
490 _aسلسلة الكتب القانونية
_v0
650 0 4 _aالقانون الجنائى
650 0 4 _aالقانون
650 0 4 _aالعمل والعمال
650 0 4 _aالقانون المدنى
650 0 4 _aالقانون البحرى
650 0 4 _aالقانون الادارى
650 0 4 _aالقانون التجارى
650 0 4 _aالتأمينات
942 _2ddc
_cBK
999 _c55928
_d55928